000 00235 a2200097 4500
001 48302
100 _aSchacht, J
245 _aThe origins of Muhammadan jurisprudence
260 _aLondon
_bOxford univ press
_c
090 _c31254
_d31254
942 _aNUST-CAE
_cM
_c23619
999 _c283375
_d283375